LDR 01001naa#a2200193#i#450# 001 RU\\bibl\20321 005 20260701165421.3 100 ## _a20260630b2026####ek#y0rusy0150####ca 102 ## _aRU 200 1# _aСИСТЕМА УПРАВЛЕНИЯ БПЛА НА ОСНОВЕ КОМПЬЮТЕРНОГО ЗРЕНИЯ С ВОЗМОЖНОСТЬЮ ПРИНЯТИЯ РЕШЕНИЯ _eСтатья/тезисы конференции 210 1# _aВоронеж _cВоронежский государственный лесотехнический университет имени Г.Ф. Морозова _d2026 215 ## _a9 с. 608 ## _aСтатья/тезисы конференции _2local 675 ## _aПрикладные информационные (компьютерные) технологии. 004.9 _z 700 #1 _aМазуров _gА. А. 700 #1 _aАвилова _gО. А. 700 #1 _aГолова _gЕ. А. 700 #1 _aАнциферова _gВалентина Ивановна 856 4# _abibl.vgltu.ru _u